K-pop: LOONA Members - Text - Statistics

General Stats
  • This quiz has been taken 44 times
  • The average score is 11 of 12
Answer Stats
Answer % Correct
Chuu
96%
HaSeul
96%
Kim Lip
96%
ViVi
96%
Yves
96%
Choerry
93%
HeeJin
93%
HyeJu
89%
YeoJin
89%
Go Won
81%
HyunJin
81%
JinSoul
81%
No matching quizzes found
Score Distribution
Percent of People with Each Score
Percentile by Number Answered
Your Score History
You have not taken this quiz